| 000 | 00840cam a2200253 a 4500 | ||
|---|---|---|---|
| 001 | 13553446 | ||
| 005 | 20260311182447.0 | ||
| 008 | 040409s2004 nyu b 001 0 eng | ||
| 020 |
_a0231131747 _qcloth : alk. paper |
||
| 020 |
_a0231131755 _qpbk. : alk. paper |
||
| 020 |
_a9780231131742 _q(cloth : alk. paper) |
||
| 020 |
_a9780231131759 _q(pbk. : alk. paper) |
||
| 050 | 0 | 0 |
_aHG3881 _b.C67437 2004 |
| 082 | 0 | 0 |
_a337 _222 |
| 245 | 0 | 0 |
_aCovering globalization : _ba handbook for reporters / _cedited by Anya Schiffrin and Amer Bisat. |
| 260 |
_aNew York : _bColumbia University Press, _c2004. |
||
| 300 |
_axii, 340 p. ; _c24 cm. |
||
| 650 | 0 | _aInternational finance. | |
| 650 | 0 | _aGlobalization. | |
| 650 | 0 | _aInternational economic relations. | |
| 700 | 1 |
_aSchiffrin, Anya, _d1962- |
|
| 700 | 1 | _aBisat, Amer. | |
| 942 |
_2lcc _cBK _n0 |
||
| 999 |
_c8954 _d8954 |
||